000 00686nam a22002057a 4500
005 20250513164111.0
008 250513b |||||||| |||| 00| 0 eng d
040 _cDO
245 _aTracking the leopard
250 _aOctober 2001 Vol. 200 No. 4
490 _aNational Geographic
520 _aPower of Light, Rain Forest at Night, Treasures of Ancient China, California's Volcanic North, Meet Kenya Man, Tracking the Leopard, Swahili Coast, Adjuntas, Puerto Rico
650 _xTHE POWER OF LIGHT
650 _xRAIN FOREST
650 _xTREASURES OF ANCIENT CHINA
650 _xCALIFORNIA'S VOLCANIC NORTH
650 _xFIELD DISPATCH
650 _xLEOPARD
942 _2ddc
_cCR
999 _c5514
_d5514